000 00848nas a2200313 4500
001 BR0809265
003 BR-BrBNA
005 20231205112701.0
007 ta
008 230509b bl.|||p| |||| 00| 00por d
040 _aBR-BrBNA
_bpor
_cBiblioteca Nacional de Agricultura
041 _a(Pt)
072 _aL74
100 1 _aRamos, A.T.
100 1 _aSouza, A.B. de
100 1 _aNorte, D.M.
100 1 _aFerreira, J.L.M.
100 1 _aFernandes, C.G.
245 1 _aTumores em animais de produção:aspectos comparativos
650 _aBOVINO
650 _aOVINO
650 _aEQUINO
650 _aSUÍNO
650 _aTUMOR
650 _aEPIDEMIOLOGIA
773 0 _tCiência Rural (Brazil)
_xISSN 0103-8478
_g(Jan-Feb 2008), v. 38(1) p. 148-154
_wBR0809265
909 _a202311
_bLúcia
_c55
_dLúcia Elande
942 _2AGRIS
_n0
_cANA
999 _c199361
_d199361